NHL Teams of 1979-1980 Quiz. - Statistics

General Stats
  • This quiz has been taken 351 times
  • The average score is 19 of 21
Answer Stats
Answer % Correct
Detroit Red Wings
96%
Montreal Canadiens
96%
New York Rangers
96%
Toronto Maple Leafs
96%
Boston Bruins
95%
New York Islanders
95%
Chicago Black Hawks
94%
Edmonton Oilers
94%
Atlanta Flames
92%
Philadelphia Flyers
91%
Los Angeles Kings
90%
Pittsburgh Penguins
89%
Hartford Whalers
88%
Vancouver Canucks
88%
Winnipeg Jets
88%
Minnesota North Stars
86%
St. Louis Blues
85%
Quebec Nordiques
83%
Buffalo Sabres
81%
Washington Capitals
79%
Colorado Rockies
63%
No matching quizzes found
Score Distribution
Percent of People with Each Score
Percentile by Number Answered
Your Score History
You have not taken this quiz